振興局or総合振興局 - Statistics

General Stats
  • This quiz has been taken 126 times
  • The average score is 11 of 14
Answer Stats
Question Answer % Correct
檜山 振興局
90%
日高 振興局
84%
胆振 総合振興局
81%
上川 総合振興局
81%
十勝 総合振興局
81%
釧路 総合振興局
81%
留萌 振興局
79%
根室 振興局
78%
渡島 総合振興局
76%
空知 総合振興局
75%
オホーツク 総合振興局
75%
宗谷 総合振興局
73%
後志 総合振興局
67%
石狩 振興局
54%
No matching quizzes found
Score Distribution
Percent of People with Each Score
Percentile by Number Answered
Your Score History
You have not taken this quiz